[Event "2. BUNDESLIGA MITTE"]
[Site "Steyregg, Fuerstenfeld/Sauwald/Villach, St. Veit/Glan, Graz"]
[Date "2015.11.14"]
[Round "4"]
[Board "4"]
[White "Csonka, Attila Istvan"]
[Black "Domarkaite, Laima"]
[Result "1-0"]
[WhiteElo "2334"]
[BlackElo "2142"]
[PlyCount "61"]
[EventDate "2015.10.02"]
[EventType "team"]
[EventRounds "11"]
[EventCountry "AUT"]
[WhiteTeam "SPG. Sparkasse Fuerstenfeld/Hartberg"]
[BlackTeam "Schachfreunde Graz"]

1. e4 c5 2. Nf3 d6 3. d4 cxd4 4. Qxd4 Nc6 5. Bb5 Bd7 6. Qd3 a6 7. Bxc6 Bxc6 8.
Nc3 e6 9. Bg5 Qc7 10. O-O-O h6 11. Bh4 Be7 12. Bxe7 Kxe7 13. Rhe1 e5 14. Nh4 g6
15. Nd5+ Bxd5 16. exd5 Kf8 17. f4 g5 18. fxg5 hxg5 19. Nf3 f6 20. g3 Kg7 21. h4
g4 22. Nd2 Nh6 23. Ne4 Rac8 24. c3 Nf7 25. Rf1 Rh6 26. Qe2 Qc4 27. Qxg4+ Rg6
28. Qf5 Rc7 29. Nxf6 Re7 30. h5 Rg5 31. h6+ 1-0

[Event "2. BUNDESLIGA MITTE"]
[Site "Steyregg, Fuerstenfeld/Sauwald/Villach, St. Veit/Glan, Graz"]
[Date "2015.11.14"]
[Round "4"]
[Board "5"]
[White "Teuschler, Barbara"]
[Black "Radnetter, Georg"]
[Result "1/2-1/2"]
[WhiteElo "2174"]
[BlackElo "2323"]
[PlyCount "101"]
[EventDate "2015.10.02"]
[EventType "team"]
[EventRounds "11"]
[EventCountry "AUT"]
[WhiteTeam "Schachfreunde Graz"]
[BlackTeam "SPG. Sparkasse Fuerstenfeld/Hartberg"]

1. e4 e6 2. d4 d5 3. Nc3 Nc6 4. Nf3 Nf6 5. e5 Ne4 6. Bd3 Bb4 7. Bd2 Nxd2 8.
Qxd2 f6 9. a3 Bxc3 10. Qxc3 Bd7 11. O-O fxe5 12. dxe5 O-O 13. Rfe1 h6 14. b4 a6
15. Bf1 Qe7 16. Qe3 Be8 17. c4 Bh5 18. Nd4 Nxd4 19. Qxd4 dxc4 20. Bxc4 Bg6 21.
Rad1 Rfd8 22. Qg4 Bf7 23. h3 b5 24. Bb3 h5 25. Qe4 c5 26. Rd6 Rac8 27. bxc5
Rxc5 28. Qd4 Rdc8 29. Rxa6 Rc3 30. Re3 Qc5 31. Qxc5 R8xc5 32. Rxc3 Rxc3 33.
Bxe6 Bxe6 34. Rxe6 Rxa3 35. Rb6 Rb3 36. f4 Rb2 37. f5 h4 38. Rb8+ Kf7 39. Rb7+
Kf8 40. Kf1 Rb4 41. Kf2 Rf4+ 42. Ke3 Rxf5 43. Rxb5 Rg5 44. Kf4 Rxg2 45. Kf5 Ke7
46. Rb7+ Ke8 47. Rb4 Ke7 48. Rxh4 g6+ 49. Ke4 Ke6 50. Rg4 Re2+ 51. Kf4 1/2-1/2

[Event "2. BUNDESLIGA MITTE"]
[Site "Steyregg, Fuerstenfeld/Sauwald/Villach, St. Veit/Glan, Graz"]
[Date "2015.11.14"]
[Round "4"]
[Board "6"]
[White "Stradner, Stefan"]
[Black "Khalakhan, Jurij"]
[Result "1/2-1/2"]
[WhiteElo "2187"]
[BlackElo "2233"]
[PlyCount "96"]
[EventDate "2015.10.02"]
[EventType "team"]
[EventRounds "11"]
[EventCountry "AUT"]
[WhiteTeam "SPG. Sparkasse Fuerstenfeld/Hartberg"]
[BlackTeam "Schachfreunde Graz"]

1. c4 c6 2. Nf3 Nf6 3. g3 d5 4. Bg2 Bf5 5. cxd5 cxd5 6. Qb3 Nc6 7. d3 e5 8. Nc3
Na5 9. Qa4+ Bd7 10. Qd1 Nc6 11. Bg5 Be6 12. O-O Be7 13. a3 h6 14. Bxf6 Bxf6 15.
Rc1 O-O 16. Nd2 Bg5 17. f4 exf4 18. gxf4 Bf6 19. f5 Qb6+ 20. Kh1 Qxb2 21. Na4
Qe5 22. fxe6 fxe6 23. Nf3 Qd6 24. Qb3 b6 25. Nc3 Rac8 26. Qa4 Be7 27. Nb5 Qd7
28. Nbd4 Rf4 29. Rxc6 Rcf8 30. Qc2 Bc5 31. Nxe6 Rxf3 32. Nxf8 Rxf1+ 33. Bxf1
Qxc6 34. Bg2 Qf6 35. Bxd5+ Kxf8 36. Bf3 Qa1+ 37. Kg2 Qg1+ 38. Kh3 Qg5 39. d4
Be7 40. Qc8+ Bd8 41. Qg4 Qxg4+ 42. Kxg4 Bf6 43. d5 Ke7 44. Kf5 Kd6 45. e4 b5
46. Bd1 a5 47. a4 bxa4 48. Bxa4 Be5 1/2-1/2

[Event "2. BUNDESLIGA MITTE"]
[Site "Steyregg, Fuerstenfeld/Sauwald/Villach, St. Veit/Glan, Graz"]
[Date "2015.11.14"]
[Round "4"]
[Board "1"]
[White "Horvath, Adam"]
[Black "Freitag, Manfred"]
[Result "1-0"]
[WhiteElo "2515"]
[BlackElo "2378"]
[PlyCount "85"]
[EventDate "2015.10.02"]
[EventType "team"]
[EventRounds "11"]
[EventCountry "AUT"]
[WhiteTeam "RbEJ Gleisdorf"]
[BlackTeam "ESV Austria Graz"]

1. e4 c5 2. Nf3 d6 3. d4 cxd4 4. Nxd4 Nf6 5. Nc3 a6 6. g3 e5 7. Nde2 Be7 8. Bg2
Nbd7 9. a4 O-O 10. O-O Rb8 11. a5 b5 12. axb6 Qxb6 13. h3 Bb7 14. g4 Rfc8 15.
Ng3 g6 16. g5 Ne8 17. Nd5 Qd8 18. Qd2 Nc5 19. f4 Ne6 20. f5 Nd4 21. fxg6 fxg6
22. Qf2 Bxd5 23. exd5 Ng7 24. c3 Nb3 25. Rxa6 Nxc1 26. Rxc1 Bxg5 27. Rca1 Bh4
28. Qf3 Bxg3 29. Qxg3 Rxb2 30. Be4 Nh5 31. Qg4 Nf4 32. Rxd6 Qf8 33. Rc6 Rxc6
34. dxc6 h5 35. Qf3 Qc5+ 36. Kh1 Re2 37. c7 Qxc7 38. Bxg6 Qc5 39. Bxh5 Re3 40.
Qa8+ Kg7 41. Ra7+ Kf6 42. Qd8+ Kf5 43. Qa8 (43. Bg4+) 1-0

[Event "2. BUNDESLIGA MITTE"]
[Site "Steyregg, Fuerstenfeld/Sauwald/Villach, St. Veit/Glan, Graz"]
[Date "2015.11.14"]
[Round "4"]
[Board "2"]
[White "Karner, Christoph"]
[Black "Manhardt, Thomas"]
[Result "0-1"]
[WhiteElo "2308"]
[BlackElo "2237"]
[PlyCount "74"]
[EventDate "2015.10.02"]
[EventType "team"]
[EventRounds "11"]
[EventCountry "AUT"]
[WhiteTeam "ESV Austria Graz"]
[BlackTeam "RbEJ Gleisdorf"]

1. d4 f5 2. Nf3 Nf6 3. g3 g6 4. Bg2 Bg7 5. O-O O-O 6. c4 d6 7. Nc3 Nc6 8. d5
Ne5 9. Nxe5 dxe5 10. Bg5 h6 11. Bxf6 Bxf6 12. e4 f4 13. Qe2 g5 14. gxf4 exf4
15. e5 f3 16. Bxf3 Bxe5 17. Qxe5 Rxf3 18. Nb5 Bh3 19. Nxc7 Qc8 20. Ne6 Rf6 21.
Rfe1 Qxc4 22. Rac1 Qg4+ 23. Qg3 Qh5 24. Re3 Bxe6 25. Rxe6 Rxe6 26. dxe6 Rf8 27.
Kg2 Qe2 28. h4 Rf4 29. Rc8+ Kh7 30. Qe3 Rg4+ 31. Kh3 Rxh4+ 32. Kg2 Rg4+ 33. Kh3
Rh4+ 34. Kg2 Qg4+ 35. Qg3 Qe4+ 36. f3 Qe2+ 37. Kg1 Rd4 0-1

[Event "2. BUNDESLIGA MITTE"]
[Site "Steyregg, Fuerstenfeld/Sauwald/Villach, St. Veit/Glan, Graz"]
[Date "2015.11.14"]
[Round "4"]
[Board "3"]
[White "Watzka, Horst"]
[Black "Kotz, Heinz Peter"]
[Result "1/2-1/2"]
[WhiteElo "2236"]
[BlackElo "2291"]
[PlyCount "37"]
[EventDate "2015.10.02"]
[EventType "team"]
[EventRounds "11"]
[EventCountry "AUT"]
[WhiteTeam "RbEJ Gleisdorf"]
[BlackTeam "ESV Austria Graz"]

1. e4 e5 2. Nf3 Nc6 3. Bb5 a6 4. Ba4 Nf6 5. d3 b5 6. Bb3 Bc5 7. O-O d6 8. c3
Bb6 9. Qe2 O-O 10. Be3 Bxe3 11. Qxe3 Be6 12. Nbd2 Ne7 13. d4 Ng6 14. h3 Nh5 15.
Kh2 Nf6 16. Kg1 Nh5 17. Kh2 Nf6 18. Kg1 Nh5 19. Nh2 1/2-1/2

[Event "2. BUNDESLIGA MITTE"]
[Site "Steyregg, Fuerstenfeld/Sauwald/Villach, St. Veit/Glan, Graz"]
[Date "2015.11.14"]
[Round "4"]
[Board "4"]
[White "Fahrner, Kurt"]
[Black "Sandner, Wolfgang"]
[Result "1/2-1/2"]
[WhiteElo "2294"]
[BlackElo "2252"]
[PlyCount "151"]
[EventDate "2015.10.02"]
[EventType "team"]
[EventRounds "11"]
[EventCountry "AUT"]
[WhiteTeam "ESV Austria Graz"]
[BlackTeam "RbEJ Gleisdorf"]

1. g3 g6 2. Bg2 Bg7 3. c4 Nf6 4. Nc3 d6 5. Nf3 O-O 6. O-O Nc6 7. Rb1 Nd7 8. d3
Nde5 9. Ne1 Bf5 10. h3 Nd7 11. Bd2 a5 12. a3 Qc8 13. Kh2 e5 14. Nd5 Re8 15. e4
Be6 16. Nc2 a4 17. f4 f5 18. Be3 Nd4 19. exf5 Nxf5 20. fxe5 dxe5 21. Bf2 Nd4
22. Be3 Nf5 23. Bf2 Nd4 24. Be3 Nf5 25. Qd2 c6 26. Nc3 Qc7 27. Ne4 Kh8 28. Bg5
Rf8 29. Rbe1 Rae8 30. Qb4 h6 31. Bc1 Ra8 32. Kg1 Bg8 33. g4 Nh4 34. Be3 Nxg2
35. Kxg2 b5 36. Qd6 Qxd6 37. Nxd6 e4 38. dxe4 bxc4 39. Bd4 Ne5 40. Ne3 Nd3 41.
Bxg7+ Kxg7 42. Rb1 Rxf1 43. Kxf1 Rf8+ 44. Kg1 Rf3 45. Nexc4 Rxh3 46. Rd1 Be6
47. Rd2 Bxg4 48. Ne8+ Kf7 49. Rxd3 Rxd3 50. Ne5+ Kxe8 51. Nxd3 g5 52. Kf2 Ke7
53. Nc5 Bd1 54. Ke1 Bc2 55. Kd2 Bb1 56. Kc1 g4 57. Kd2 Kd6 58. Nxa4 Bxe4 59.
Ke3 Bc2 60. Nb6 h5 61. a4 c5 62. a5 Kc6 63. Nc4 Bb3 64. Nd2 Bf7 65. Ne4 Bg6 66.
Nf6 g3 67. Kf3 h4 68. Kg2 Bf5 69. Ne8 Be4+ 70. Kh3 g2 71. Kh2 Bf3 72. Ng7 Kb5
73. Ne6 Bb7 74. a6 Bxa6 75. Kxg2 Kb4 76. Nxc5 1/2-1/2

[Event "2. BUNDESLIGA MITTE"]
[Site "Steyregg, Fuerstenfeld/Sauwald/Villach, St. Veit/Glan, Graz"]
[Date "2015.11.14"]
[Round "4"]
[Board "5"]
[White "Wanderer, Thomas"]
[Black "Aschenbrenner, Robert"]
[Result "0-1"]
[WhiteElo "2197"]
[BlackElo "2212"]
[PlyCount "72"]
[EventDate "2015.10.02"]
[EventType "team"]
[EventRounds "11"]
[EventCountry "AUT"]
[WhiteTeam "RbEJ Gleisdorf"]
[BlackTeam "ESV Austria Graz"]

1. e4 c6 2. c4 e5 3. Nf3 d6 4. Nc3 Nf6 5. d4 Nbd7 6. Be2 Be7 7. O-O Qc7 8. d5
Nf8 9. Ne1 Ng6 10. Nd3 O-O 11. Kh1 a6 12. Be3 c5 13. a3 Bd7 14. a4 b6 15. h3
Qc8 16. Kh2 h6 17. b4 Bd8 18. Qd2 Nh7 19. bxc5 bxc5 20. Bh5 Ng5 21. f4 exf4 22.
Bxg6 fxe3 23. Qxe3 fxg6 24. Rxf8+ Kxf8 25. Qg3 Kg8 26. Rf1 Bf6 27. Rxf6 gxf6
28. Nf4 Qe8 29. h4 Nxe4 30. Nxe4 Qxe4 31. Nxg6 Kh7 32. h5 Qg4 33. Qxd6 Qxh5+
34. Kg1 Qxg6 35. Qxd7+ Kh8 36. d6 Rb8 0-1

[Event "2. BUNDESLIGA MITTE"]
[Site "Steyregg, Fuerstenfeld/Sauwald/Villach, St. Veit/Glan, Graz"]
[Date "2015.11.14"]
[Round "4"]
[Board "6"]
[White "Schrittwieser, Herbert"]
[Black "Sonnberger, Thomas"]
[Result "1/2-1/2"]
[WhiteElo "2171"]
[BlackElo "2191"]
[PlyCount "37"]
[EventDate "2015.10.02"]
[EventType "team"]
[EventRounds "11"]
[EventCountry "AUT"]
[WhiteTeam "ESV Austria Graz"]
[BlackTeam "RbEJ Gleisdorf"]

1. Nf3 c6 2. c4 d5 3. b3 Nf6 4. Bb2 Bf5 5. g3 e6 6. Bg2 Be7 7. O-O h6 8. d3 O-O
9. Nbd2 a5 10. a3 Nbd7 11. Qc2 Bh7 12. Rac1 Qb6 13. Qc3 Nc5 14. Ne5 Rfd8 15.
Qc2 Ncd7 16. Ndf3 Nc5 17. Nd2 Ncd7 18. Ndf3 Nc5 19. Nd2 1/2-1/2

[Event "2. BUNDESLIGA MITTE"]
[Site "Steyregg, Fuerstenfeld/Sauwald/Villach, St. Veit/Glan, Graz"]
[Date "2015.11.15"]
[Round "5"]
[Board "1"]
[White "Stadler, Alexander"]
[Black "Gonda, Laszlo"]
[Result "0-1"]
[WhiteElo "2113"]
[BlackElo "2521"]
[PlyCount "100"]
[EventDate "2015.10.02"]
[EventType "team"]
[EventRounds "11"]
[EventCountry "AUT"]
[WhiteTeam "SPG Sauwald 2"]
[BlackTeam "ASK Case IH SteyrSt. Valentin"]

1. d4 Nf6 2. Bg5 d5 3. e3 c5 4. Bxf6 gxf6 5. Nc3 Nc6 6. Qh5 cxd4 7. exd4 e6 8.
Nf3 Bd7 9. Bd3 f5 10. O-O Qf6 11. Rfe1 O-O-O 12. Qg5 Qg6 13. Qxg6 hxg6 14. Bb5
Bd6 15. Bxc6 bxc6 16. Na4 f6 17. g3 Kc7 18. c3 Rde8 19. b4 e5 20. Nc5 e4 21.
Nd2 f4 22. Rac1 e3 23. Nf1 e2 24. Nd2 g5 25. Nxd7 Kxd7 26. Kg2 g4 27. Rh1 f3+
28. Nxf3 gxf3+ 29. Kxf3 Rxh2 30. Rxh2 e1=Q 31. Rh7+ Qe7 32. Rch1 a5 33. a3 Ra8
34. Rxe7+ Bxe7 35. Rc1 axb4 36. axb4 Ra2 37. g4 Bf8 38. Ke3 Ra3 39. Ke2 Bd6 40.
Rc2 Ra1 41. Ke3 Re1+ 42. Kd3 Re4 43. f3 Re8 44. Rb2 Bf4 45. Rf2 Re3+ 46. Kc2
Kc7 47. Kb3 Kb6 48. Rf1 Kb5 49. Rf2 Bg3 50. Rf1 Be1 0-1

[Event "2. BUNDESLIGA MITTE"]
[Site "Steyregg, Fuerstenfeld/Sauwald/Villach, St. Veit/Glan, Graz"]
[Date "2015.11.15"]
[Round "5"]
[Board "2"]
[White "Flumbort, Andras Dr."]
[Black "Lautner, Josef"]
[Result "1-0"]
[WhiteElo "2471"]
[BlackElo "2211"]
[PlyCount "81"]
[EventDate "2015.10.02"]
[EventType "team"]
[EventRounds "11"]
[EventCountry "AUT"]
[WhiteTeam "ASK Case IH SteyrSt. Valentin"]
[BlackTeam "SPG Sauwald 2"]

1. d4 {[%emt 0:00:00]} d5 {[%emt 0:00:00]} 2. c4 {[%emt 0:00:03]} e6 {[%emt 0:
00:00]} 3. Nc3 {[%emt 0:00:08]} c6 {[%emt 0:00:00]} 4. e3 {[%emt 0:00:00]} Nf6
{[%emt 0:00:00]} 5. Nf3 {[%emt 0:00:00]} Nbd7 {[%emt 0:00:35]} 6. Bd3 {[%emt 0:
00:00]} Bd6 {[%emt 0:00:17]} 7. e4 {[%emt 0:00:00]} dxe4 {[%emt 0:00:09]} 8.
Nxe4 {[%emt 0:00:00]} Nxe4 9. Bxe4 O-O 10. O-O h6 11. Bc2 e5 12. Qd3 f5 13. c5
Bc7 14. dxe5 Nxe5 15. Qb3+ Kh8 16. Bf4 Be6 17. Qc3 Nxf3+ 18. Qxf3 Bd5 19. Bxc7
Qxc7 20. Qc3 Qf7 21. Rfe1 Rae8 22. a4 Kg8 23. f3 g6 24. a5 a6 25. Kf2 Rxe1 26.
Rxe1 Re8 27. Rxe8+ Qxe8 28. h4 h5 29. Qd4 Kf7 30. Bd3 Qe7 31. b4 Qf6 32. Qxf6+
Kxf6 33. Ke3 Ke5 34. f4+ Ke6 35. g3 Kf6 36. Kd4 Ke6 37. Be2 Ba2 38. Bf3 Bb3 39.
b5 axb5 40. Bxc6 b4 41. Bxb7 1-0

[Event "2. BUNDESLIGA MITTE"]
[Site "Steyregg, Fuerstenfeld/Sauwald/Villach, St. Veit/Glan, Graz"]
[Date "2015.11.15"]
[Round "5"]
[Board "3"]
[White "Lang, Josef Jun."]
[Black "Sandhoefner, Florian"]
[Result "0-1"]
[WhiteElo "2064"]
[BlackElo "2229"]
[PlyCount "80"]
[EventDate "2015.10.02"]
[EventType "team"]
[EventRounds "11"]
[EventCountry "AUT"]
[WhiteTeam "SPG Sauwald 2"]
[BlackTeam "ASK Case IH SteyrSt. Valentin"]

1. e4 {[%emt 0:00:00]} c5 {[%emt 0:00:00]} 2. Nc3 Nc6 3. Nf3 d6 4. g3 Nf6 5.
Bg2 e6 6. d4 cxd4 7. Nxd4 Bd7 8. Ndb5 Qb8 9. Bf4 Ne5 10. O-O a6 11. Nd4 Be7 12.
a4 O-O 13. Qe2 Qc7 14. Rfd1 Rfd8 15. h3 Rac8 16. Ra2 Nc4 17. Bc1 b5 18. axb5
axb5 19. b3 b4 20. Na4 Na5 21. Be3 Bf8 22. g4 d5 23. exd5 Nxd5 24. Bxd5 exd5
25. Qf3 Be6 26. Nb6 Qxb6 27. Nxe6 Qxe6 28. Rxa5 Rxc2 29. Raxd5 Rc3 30. Qf4 Re8
31. R1d3 Rxb3 32. Qd4 Rxd3 33. Qxd3 f6 34. Qb3 Rc8 35. Bd2 Rd8 36. Rd3 Qxb3 37.
Rxb3 Rxd2 38. Kf1 Ra2 39. h4 Bc5 40. f3 Ra3 0-1

[Event "2. BUNDESLIGA MITTE"]
[Site "Steyregg, Fuerstenfeld/Sauwald/Villach, St. Veit/Glan, Graz"]
[Date "2015.11.15"]
[Round "5"]
[Board "4"]
[White "Theuretzbacher, Klaus"]
[Black "Zauner, Christoph"]
[Result "1-0"]
[WhiteElo "2238"]
[BlackElo "2041"]
[PlyCount "47"]
[EventDate "2015.10.02"]
[EventType "team"]
[EventRounds "11"]
[EventCountry "AUT"]
[WhiteTeam "ASK Case IH SteyrSt. Valentin"]
[BlackTeam "SPG Sauwald 2"]

1. e4 {[%emt 0:00:00]} e6 (1... d6 {[%emt 0:00:00]} 2. Nf3 e5 3. Ng1) 2. Nf3 d5
3. e5 c5 4. b4 cxb4 5. a3 Nh6 6. axb4 Bxb4 7. c3 Be7 8. d4 Nf5 9. Bd3 Nc6 10.
O-O O-O 11. g4 Nh4 12. Nxh4 Bxh4 13. f4 f6 14. exf6 gxf6 15. g5 fxg5 16. Qh5
Rf7 17. fxg5 Rxf1+ 18. Kxf1 Qf8+ 19. Ke2 Qf2+ 20. Kd1 b5 21. Qe8+ Kg7 22. Qxc6
e5 23. Qc7+ Kf8 (23... Kg8 24. Ba3) 24. Ba3+ 1-0

[Event "2. BUNDESLIGA MITTE"]
[Site "Steyregg, Fuerstenfeld/Sauwald/Villach, St. Veit/Glan, Graz"]
[Date "2015.11.15"]
[Round "5"]
[Board "5"]
[White "Martin, Johann"]
[Black "Kranzl, Peter"]
[Result "0-1"]
[WhiteElo "1884"]
[BlackElo "2168"]
[PlyCount "41"]
[EventDate "2015.10.02"]
[EventType "team"]
[EventRounds "11"]
[EventCountry "AUT"]
[WhiteTeam "SPG Sauwald 2"]
[BlackTeam "ASK Case IH SteyrSt. Valentin"]

1. d4 Nf6 2. Bf4 g6 3. Nc3 Bg7 4. e4 d6 5. Qd2 c6 6. Bh6 O-O 7. Bxg7 Kxg7 8.
O-O-O b5 9. f3 Qa5 10. Kb1 Nbd7 11. g4 Nb6 12. b3 Rb8 13. h4 e5 14. h5 Qb4 15.
hxg6 fxg6 16. Qh6+ Kg8 17. g5 Qxc3 18. gxf6 Rb7 19. dxe5 Qxe5 20. f4 Qxf6 21.
Nf3 0-1

[Event "2. BUNDESLIGA MITTE"]
[Site "Steyregg, Fuerstenfeld/Sauwald/Villach, St. Veit/Glan, Graz"]
[Date "2015.11.15"]
[Round "5"]
[Board "6"]
[White "Heimberger, Reinhard"]
[Black "Kuran, Wilfried"]
[Result "1-0"]
[WhiteElo "2284"]
[BlackElo "1885"]
[PlyCount "118"]
[EventDate "2015.10.02"]
[EventType "team"]
[EventRounds "11"]
[EventCountry "AUT"]
[WhiteTeam "ASK Case IH SteyrSt. Valentin"]
[BlackTeam "SPG Sauwald 2"]

1. c4 {[%emt 0:00:00]} Nf6 {[%emt 0:00:00]} 2. Nc3 {[%emt 0:00:00]} d5 3. cxd5
Nxd5 4. Nf3 e6 5. e4 Nb6 6. d4 Be7 7. Be3 N8d7 8. Bd3 O-O 9. O-O Re8 10. Qc2
Nf8 11. a4 a6 12. Rfd1 Nbd7 13. Bf4 Ng6 14. Bg3 Nf6 15. Nb5 Bd7 16. Bxc7 Qc8
17. Nd6 Bxd6 18. Bxd6 Qxc2 19. Bxc2 Rac8 20. Bd3 Bc6 21. e5 Nd5 22. Nd2 Ndf4
23. Bf1 Ne7 24. g3 Nfd5 25. Nc4 Nf5 26. Bc5 Red8 27. Na5 b6 28. Nxc6 Rxc6 29.
Ba3 Nc7 30. Rac1 Rxc1 31. Rxc1 Nd5 32. Bxa6 Nxd4 33. Bd6 f6 34. Kg2 Kf7 35. Bb7
Rd7 36. Bxd5 exd5 37. Bc7 fxe5 38. Bxb6 Nb3 39. Rc3 Nd2 40. a5 Nc4 41. b3 Nxb6
42. axb6 d4 43. Rc7 Ke6 44. b7 Rxc7 45. b8=Q Rd7 46. Qe8+ Kd6 47. Kf1 Re7 48.
Qd8+ Rd7 49. Qb6+ Kd5 50. Ke2 g5 51. b4 g4 52. b5 Rd6 53. Qb7+ Kc5 54. Qc7+ Kd5
55. b6 e4 56. b7 Ra6 57. Qf7+ Ke5 58. b8=Q+ Rd6 59. Qb5+ Rd5 1-0

[Event "2. BUNDESLIGA MITTE"]
[Site "Steyregg, Fuerstenfeld/Sauwald/Villach, St. Veit/Glan, Graz"]
[Date "2015.11.15"]
[Round "5"]
[Board "1"]
[White "Felsberger, Alfred"]
[Black "Windhager, Hannes"]
[Result "1/2-1/2"]
[WhiteElo "2334"]
[BlackElo "2176"]
[PlyCount "76"]
[EventDate "2015.10.02"]
[EventType "team"]
[EventRounds "11"]
[EventCountry "AUT"]
[WhiteTeam "Union Ansfelden"]
[BlackTeam "Union Hartkirchen"]

1. e4 c5 2. Nf3 d6 3. d4 cxd4 4. Nxd4 Nf6 5. Nc3 g6 6. Bc4 Bg7 7. Bb3 O-O 8. h3
Nc6 9. Be3 Bd7 10. O-O Nxd4 11. Bxd4 Bc6 12. Re1 e5 13. Be3 Nxe4 14. Nxe4 Bxe4
15. Qd2 Bc6 16. Rad1 e4 17. c3 Be5 18. Bg5 Bf6 19. Bxf6 Qxf6 20. Qxd6 Qg5 21.
Qd2 Qxd2 22. Rxd2 Rad8 23. Red1 Rxd2 24. Rxd2 Re8 25. Bd5 Bxd5 26. Rxd5 Kf8 27.
Kf1 Re6 28. Ke2 Rb6 29. b3 Ke7 30. Ra5 a6 31. Ke3 Re6 32. g4 Kd6 33. c4 Rf6 34.
Rd5+ Kc7 35. Rd2 Rf3+ 36. Kxe4 Rxh3 37. f4 h5 38. gxh5 Rxh5 1/2-1/2

[Event "2. BUNDESLIGA MITTE"]
[Site "Steyregg, Fuerstenfeld/Sauwald/Villach, St. Veit/Glan, Graz"]
[Date "2015.11.15"]
[Round "5"]
[Board "2"]
[White "Konrad, Edmund"]
[Black "Weiss, Christian"]
[Result "1/2-1/2"]
[WhiteElo "2193"]
[BlackElo "2353"]
[PlyCount "109"]
[EventDate "2015.10.02"]
[EventType "team"]
[EventRounds "11"]
[EventCountry "AUT"]
[WhiteTeam "Union Hartkirchen"]
[BlackTeam "Union Ansfelden"]

1. e4 {[%emt 0:00:00]} c6 2. d4 d5 3. Nc3 g6 4. Nf3 Bg7 5. Be2 Bg4 6. Be3 Nf6
7. exd5 cxd5 8. Ne5 Bxe2 9. Qxe2 a6 10. O-O O-O 11. Rfd1 Nbd7 12. Nxd7 Qxd7 13.
h3 Rfc8 14. Nb1 Rc6 15. c3 Rb6 16. Bc1 Rc8 17. Qd3 Ne4 18. Nd2 Nxd2 19. Rxd2 a5
20. Re2 e6 21. Bf4 Qb5 22. Qxb5 Rxb5 23. Rae1 Rc6 24. g4 a4 25. a3 h6 26. Kg2
Rb3 27. Rd1 g5 28. Bc1 Bf6 29. Kg1 Kg7 30. Kg2 Be7 31. Kf3 Bd6 32. Kg2 Kg6 33.
Rh1 Rcb6 34. Rd1 Bc7 35. Rc2 Rc6 36. Re2 Rb5 37. Rh1 Bd6 38. Rd1 h5 39. f3 Rcb6
40. Rf1 h4 41. Rd1 Bg3 42. Rd3 f6 43. Rc2 Rb3 44. Rd1 Rd6 45. Be3 Rc6 46. Re2
Kf7 47. Bg1 Rcb6 48. Rdd2 Bf4 49. Rc2 f5 50. Bh2 Bd6 51. Bxd6 Rxd6 52. Rcd2 Kf6
53. Rd1 Rdb6 54. Rdd2 Rd6 55. Rd1 1/2-1/2

[Event "2. BUNDESLIGA MITTE"]
[Site "Steyregg, Fuerstenfeld/Sauwald/Villach, St. Veit/Glan, Graz"]
[Date "2015.11.15"]
[Round "5"]
[Board "3"]
[White "Moser, Guenter"]
[Black "Mitterhuemer, Guenter"]
[Result "1/2-1/2"]
[WhiteElo "2313"]
[BlackElo "2094"]
[PlyCount "75"]
[EventDate "2015.10.02"]
[EventType "team"]
[EventRounds "11"]
[EventCountry "AUT"]
[WhiteTeam "Union Ansfelden"]
[BlackTeam "Union Hartkirchen"]

1. Nf3 {[%emt 0:00:00]} c5 2. c4 Nc6 3. g3 e5 4. Nc3 f5 5. d3 Nf6 6. Bg2 Be7 7.
O-O O-O 8. a3 a6 9. Rb1 Rb8 10. b4 cxb4 11. axb4 Bxb4 12. Nd5 Bd6 13. Bg5 Ne7
14. Bxf6 gxf6 15. Nh4 a5 16. e3 Kh8 17. Nxe7 Bxe7 18. Nxf5 Bb4 19. Bd5 d6 20.
Qf3 Bxf5 21. Qxf5 Qe7 22. Rb3 b5 23. Rfb1 bxc4 24. dxc4 Rbc8 25. e4 Rc7 26. f4
Qg7 27. Rf3 Qg6 28. Qh3 Rg7 29. Kh1 Qg4 30. Qf1 Rg6 31. Qd3 Rh6 32. Rbf1 Qh3
33. Qe2 Bc5 34. Rb1 Bb4 35. f5 Rh5 36. g4 Qxg4 37. Rg1 Qh4 38. Rfg3 1/2-1/2

[Event "2. BUNDESLIGA MITTE"]
[Site "Steyregg, Fuerstenfeld/Sauwald/Villach, St. Veit/Glan, Graz"]
[Date "2015.11.15"]
[Round "5"]
[Board "4"]
[White "Ganglberger, Robert"]
[Black "Knoll, Hermann"]
[Result "0-1"]
[WhiteElo "2046"]
[BlackElo "2331"]
[PlyCount "130"]
[EventDate "2015.10.02"]
[EventType "team"]
[EventRounds "11"]
[EventCountry "AUT"]
[WhiteTeam "Union Hartkirchen"]
[BlackTeam "Union Ansfelden"]

1. d4 f5 2. c4 Nf6 3. Nf3 g6 4. Nc3 Bg7 5. Qc2 O-O 6. e3 d6 7. Be2 Nc6 8. a3 e5
9. d5 Ne7 10. O-O h6 11. b4 g5 12. Bb2 Ng6 13. Nd2 g4 14. Rfe1 Rf7 15. Bd3 Nh7
16. Nf1 h5 17. Ng3 Qg5 18. e4 f4 19. Nf5 h4 20. c5 Bf8 21. cxd6 cxd6 22. Nb5
Qd8 23. Rac1 Ng5 24. Nxa7 Bd7 25. Nb5 Bxb5 26. Bxb5 h3 27. Be2 f3 28. gxf3 gxf3
29. Bd1 Nf4 30. Re3 Qf6 31. Bxf3 Kh8 32. Bg4 Bh6 33. Rc3 Rg8 34. Nxh6 Qxh6 35.
Rc8 Rfg7 36. Qd1 Nxe4 37. Rxg8+ Rxg8 38. Rc8 Qh4 39. Rxg8+ Kxg8 40. Qf3 Nf6 41.
Be6+ Kf8 42. Bc1 Qg5+ 43. Kf1 Qg2+ 44. Qxg2 hxg2+ 45. Kg1 Ne2+ 46. Kxg2 Nxc1
47. a4 Nd3 48. Bc8 Nxd5 49. Bxb7 N3xb4 50. Bxd5 Nxd5 51. a5 Nb4 52. Kf3 Kf7 53.
h4 d5 54. h5 Kf6 55. Ke3 Na6 56. f4 e4 57. Kd4 Kf5 58. Ke3 Nb8 59. Kd4 Nc6+ 60.
Kxd5 e3 61. Kxc6 e2 62. a6 e1=Q 63. Kb7 Qb4+ 64. Kc7 Qa5+ 65. Kb7 Qb5+ 0-1

[Event "2. BUNDESLIGA MITTE"]
[Site "Steyregg, Fuerstenfeld/Sauwald/Villach, St. Veit/Glan, Graz"]
[Date "2015.11.15"]
[Round "5"]
[Board "5"]
[White "Mostbauer, Maximilian"]
[Black "Zimmer, Christian"]
[Result "1-0"]
[WhiteElo "2171"]
[BlackElo "1949"]
[PlyCount "49"]
[EventDate "2015.10.02"]
[EventType "team"]
[EventRounds "11"]
[EventCountry "AUT"]
[WhiteTeam "Union Ansfelden"]
[BlackTeam "Union Hartkirchen"]

1. d4 d5 2. Nf3 Nf6 3. c4 e6 4. Nc3 Be7 5. Bf4 O-O 6. e3 a6 7. c5 Nc6 8. a3 b6
9. b4 Nh5 10. Ne5 Nxe5 11. Bxe5 Nf6 12. g4 b5 13. a4 bxa4 14. Rxa4 Bb7 15. Be2
Ne4 16. Nxe4 dxe4 17. Qa1 Qc8 18. b5 axb5 19. Bxb5 Bd5 20. Rxa8 Qxa8 21. O-O c6
22. Be2 Rc8 23. Rb1 h6 24. Qb2 Bd8 25. Ra1 1-0

[Event "2. BUNDESLIGA MITTE"]
[Site "Steyregg, Fuerstenfeld/Sauwald/Villach, St. Veit/Glan, Graz"]
[Date "2015.11.15"]
[Round "5"]
[Board "6"]
[White "Wurm, August Anton"]
[Black "Mostbauer, Florian"]
[Result "0-1"]
[WhiteElo "1324"]
[BlackElo "2238"]
[PlyCount "48"]
[EventDate "2015.10.02"]
[EventType "team"]
[EventRounds "11"]
[EventCountry "AUT"]
[WhiteTeam "Union Hartkirchen"]
[BlackTeam "Union Ansfelden"]

1. e4 {[%emt 0:00:00]} c6 2. Nc3 d5 3. exd5 cxd5 4. d4 Nf6 5. Nf3 Bg4 6. h3
Bxf3 7. Qxf3 Nc6 8. Bb5 e6 9. a3 Qb6 10. Bxc6+ bxc6 11. Qd3 Bd6 12. Ne2 O-O 13.
O-O c5 14. c3 Rfc8 15. b4 cxb4 16. axb4 a5 17. bxa5 Rxa5 18. Rxa5 Qxa5 19. Be3
h6 20. f3 Qa2 21. Rd1 Rb8 22. Rd2 Rb1+ 23. Kf2 Qa1 24. g3 Rh1 0-1